<?xml version="1.0" encoding="UTF-8"?><?xml-stylesheet type="text/xsl" href="static/style.xsl"?><OAI-PMH xmlns="http://www.openarchives.org/OAI/2.0/" xmlns:xsi="http://www.w3.org/2001/XMLSchema-instance" xsi:schemaLocation="http://www.openarchives.org/OAI/2.0/ http://www.openarchives.org/OAI/2.0/OAI-PMH.xsd"><responseDate>2026-04-17T13:51:27Z</responseDate><request verb="GetRecord" identifier="oai:riubu.ubu.es:10259/11045" metadataPrefix="marc">https://riubu.ubu.es/oai/request</request><GetRecord><record><header><identifier>oai:riubu.ubu.es:10259/11045</identifier><datestamp>2025-11-12T01:05:39Z</datestamp><setSpec>com_10259_9622</setSpec><setSpec>com_10259_5086</setSpec><setSpec>com_10259_2604</setSpec><setSpec>col_10259_9623</setSpec></header><metadata><record xmlns="http://www.loc.gov/MARC21/slim" xmlns:doc="http://www.lyncode.com/xoai" xmlns:xsi="http://www.w3.org/2001/XMLSchema-instance" xmlns:dcterms="http://purl.org/dc/terms/" xsi:schemaLocation="http://www.loc.gov/MARC21/slim http://www.loc.gov/standards/marcxml/schema/MARC21slim.xsd">
<leader>00925njm 22002777a 4500</leader>
<datafield tag="042" ind1=" " ind2=" ">
<subfield code="a">dc</subfield>
</datafield>
<datafield tag="720" ind1=" " ind2=" ">
<subfield code="a">Paz-Albo, Jesús</subfield>
<subfield code="e">author</subfield>
</datafield>
<datafield tag="720" ind1=" " ind2=" ">
<subfield code="a">Ruiz Ruiz, José María</subfield>
<subfield code="e">author</subfield>
</datafield>
<datafield tag="720" ind1=" " ind2=" ">
<subfield code="a">Bernárdez-Vilaboa, Ricardo</subfield>
<subfield code="e">author</subfield>
</datafield>
<datafield tag="720" ind1=" " ind2=" ">
<subfield code="a">Huerta Zavala, Pilar Angélica</subfield>
<subfield code="e">author</subfield>
</datafield>
<datafield tag="720" ind1=" " ind2=" ">
<subfield code="a">Hervás-Escobar, Aránzazu</subfield>
<subfield code="e">author</subfield>
</datafield>
<datafield tag="260" ind1=" " ind2=" ">
<subfield code="c">2022-10</subfield>
</datafield>
<datafield tag="520" ind1=" " ind2=" ">
<subfield code="a">The purpose of this research is to investigate the opinions of future teachers on theirexperience using Socrative exit tickets in the university classroom. For this purpose, theSocrative program was implemented as a learning tool within the education programs oftwo large universities in Spain, and a questionnaire was created by adapting instrumentsfrom previous research. The results show that the use of exit tickets improves the participants’reported attention and perceived abilities to reflect on, synthesize and analyze the coursecontent. In addition, the use of Socrative facilitates instructors in identifying the degree ofunderstanding or difficulties of students.</subfield>
</datafield>
<datafield tag="024" ind2=" " ind1="8">
<subfield code="a">8756-7555</subfield>
</datafield>
<datafield tag="024" ind2=" " ind1="8">
<subfield code="a">https://hdl.handle.net/10259/11045</subfield>
</datafield>
<datafield tag="024" ind2=" " ind1="8">
<subfield code="a">10.1080/87567555.2021.1971602</subfield>
</datafield>
<datafield tag="024" ind2=" " ind1="8">
<subfield code="a">1930-8299</subfield>
</datafield>
<datafield ind1=" " ind2=" " tag="653">
<subfield code="a">Active learning</subfield>
</datafield>
<datafield ind1=" " ind2=" " tag="653">
<subfield code="a">Educational technology</subfield>
</datafield>
<datafield ind1=" " ind2=" " tag="653">
<subfield code="a">Higher education</subfield>
</datafield>
<datafield ind1=" " ind2=" " tag="653">
<subfield code="a">Socrative software</subfield>
</datafield>
<datafield ind1=" " ind2=" " tag="653">
<subfield code="a">Technology integration</subfield>
</datafield>
<datafield tag="245" ind1="0" ind2="0">
<subfield code="a">The Impact of Socrative Exit Tickets on Initial Teacher Training</subfield>
</datafield>
</record></metadata></record></GetRecord></OAI-PMH>